Unión Europea: ¿paradigma de integración?
Αποθηκεύτηκε σε:
| Κύριος συγγραφέας: | |
|---|---|
| Μορφή: | Βιβλίο |
| Γλώσσα: | Ισπανικά |
| Έκδοση: |
Buenos Aires
Universidad de Buenos Aires
2004
|
| Έκδοση: | 1a. ed |
| Θέματα: | |
| Ετικέτες: |
Προσθήκη ετικέτας
Δεν υπάρχουν, Καταχωρήστε ετικέτα πρώτοι!
|
MARC
| LEADER | 00000nam a2200000 a 4500 | ||
|---|---|---|---|
| 001 | UCI4335 | ||
| 003 | CL-VaPUC | ||
| 008 | 080111e20040000AG |||||||||||||||||spa|d | ||
| 020 | |a 9502908082 | ||
| 082 | 0 | 4 | |a 341 |b IZA |2 21 |
| 100 | 0 | |a Iza, Alejandro Omar |e author |9 526173 | |
| 245 | 1 | 0 | |a Unión Europea: ¿paradigma de integración? |
| 250 | |a 1a. ed | ||
| 300 | |a 407 p | ||
| 942 | |c BK | ||
| 945 | |d 20080111 00:00:00 |a jtorresc | ||
| 260 | |a Buenos Aires |b Universidad de Buenos Aires |c 2004 | ||
| 650 | 0 | |a Derecho internacional |9 255637 | |
| 583 | |a last modification |c 20080111 00:00:00 |k Rodrigo Vera | ||
| 999 | |c 328289 |d 328287 | ||
| 952 | |0 0 |1 0 |4 0 |6 341_000000000000000_IZA_2004 |7 0 |8 A |9 412119 |a BIBDER |b BIBDER |d 2019-11-22 |i 4400291 |o 341 IZA 2004 |p 4400291 |r 2023-01-25 |w 2019-11-22 |y BK |k DER | ||